| 000 | 01610cam a2200385 a 4500 | ||
|---|---|---|---|
| 001 | EDZ0000063690 | ||
| 003 | StDuBDS | ||
| 005 | 20161031105118.0 | ||
| 006 | m||||||||d|||||||| | ||
| 007 | cr ||||||||||| | ||
| 008 | 120319s2001 cau fo| 001|0|eng|d | ||
| 020 |
_a9781452232447 (ebook) : _cNo price |
||
| 040 |
_aStDuBDS _beng _cStDuBDS _epn |
||
| 049 | _aAlfaisal Main Library | ||
| 050 | 0 |
_aLC5800 _b.M44 2001 |
|
| 082 | 0 | 4 |
_a378.175 _223 |
| 100 | 1 | _aMehrotra, Chandra. | |
| 245 | 1 | 0 |
_aDistance learning _h[electronic resource] : _bprinciples for effective design, delivery, and evaluation / _cChandra Mohan Mehrotra, C. David Hollister, Lawrence McGahey. |
| 260 |
_aThousand Oaks, Calif. ; _aLondon : _bSAGE, _cc2001. |
||
| 300 | _a1 online resource (xiii, 242 p.) | ||
| 520 | 8 | _aIn reaction to the growth of distance learning, this book lays out practical principles and advice to help teachers and administrators design, implement and evaluate distance learning courses using a variety of formats. | |
| 521 | _aSpecialized. | ||
| 588 | _aDescription based on print version record. | ||
| 504 | _aIncludes bibliographical references and index. | ||
| 650 | 0 |
_aDistance education _xCurricula. |
|
| 650 | 0 |
_aEducation, Higher _xCurricula. |
|
| 650 | 0 |
_aInstructional systems _xDesign. |
|
| 655 | 7 |
_aElectronic books. _2local |
|
| 700 | 1 | _aHollister, C. David. | |
| 700 | 1 | _aMcGahey, Lawrence. | |
| 710 | 2 | _aSage eBooks | |
| 776 | 0 | 8 |
_iPrint version : _z9780761920892 |
| 856 | 4 | 0 | _uhttp://ezproxy.alfaisal.edu/login?url=http://sk.sagepub.com/books/distance-learning |
| 942 |
_2lcc _cEBOOKS |
||
| 999 |
_c479538 _d479538 |
||